000 00532cab a2200205 4500
001 A373
008 090401t1983 xxu||||| |||| 00| 0 eng d
035 _a(Sirsi) u28781
041 _aeng
100 _aColborne, A.
245 _aTax explicit calculations: industrial building allowances for the small investor
260 _c1983
350 _a0
490 _aJournal of Valuation
_v(1983) 2JV
650 _aCAPITAL ALLOWANCES
690 _aRATING AND VALUATION
690 _aTAXATION
942 _n0
948 _c04/03/1997
999 _c19358
_d19358